Statistics for Choose a Valid Modern Day Country

Click here to take the quiz!

General Stats

  • This quiz has been taken 97 times
  • The average score is 14 of 16

Answer Stats

Choose a valid country that…% Correct
Fought with the Axis in WWII
99%
Was part of Yugoslavia
98%
Was part of the Soviet Union
98%
Was part of the Ottoman Empire and is in Africa
96%
Has once had the world’s tallest manmade building
96%
Was colonized by the Belgians
93%
Had war declared by the USA
92%
Was colonized by the Swedish
90%
Was colonized by the Danish
90%
Gained independence from USA
81%
Gained independence in the 1940s
80%
Gained independence from France and is in Asia
80%
Was not in the WEU but is in the EU
79%
Was never invaded by the British
76%
Changed their flag in the 2000s
76%
Was communist and in Africa
75%

Score Distribution

Percentile by Number Answered

Percent of People with Each Score

Your Score History

You have not taken this quiz